000 00560nam a22002057a 4500
999 _c8694
_d8694
003 AR-CdUCM
008 190325b ||||| |||| 00| 0 spa d
040 _aMUNICIPALIDAD PROVINCIAL DEL CUSCO
_cBIBLIOTECA MUNICIPAL DEL CUSCO
082 _a869.56 /
_bA91
100 _aAvendaño, Angel
_9875
245 _aLos mitos descalzos /
260 _aLima :
_c1990.
300 _a61 páginas ;
_c24 cm.
505 _aContenido : Poesía
650 _aCusco
_9772
650 _aLiteratura
_9416
650 _aPoesía
_9444
942 _2ddc
_cLIBROS
945 _admma